00610nam a2200205 i 4500001001000000003000900010005001700019007000300036008004100039040003000080041000800110082001900118245004100137264008600178300002700264336002700291337003300318338002800351490002500379000030113DO-SdBNP20251103085334.0ta110429s19uu dr 000 0 spa d aDO-SdBNPbspacBNPHUerda aspa axxxbA189s22200aAcuerdos sobre la reforma municipal. aSanto Domingo :bApoyo a las Iniciativas Democráticas,c[fecha no identificada] a64 páginas ;c28 cm. ardacontentbtexto2txt ardamediabsin mediación2n ardacarrierbvolumen2nc aFundación siglo 21